000 00639nam a2200241 i 4500
001 C2-0327642
003 PPAK
005 20180728125229.0
008 140708s2007 my |||| ||||| | may d
020 _a9833653464 ; 9789833653461
040 _aPPAK
_beng
_cPPAK
_erda
082 0 4 _a899.233
_223
090 0 0 _a899.233
_bAIN
_dG
100 0 _aAinin Naufal,
_eauthor
245 1 0 _aDia istimewa
264 1 _aBatu Caves, Selangor :
_bPTS One ,
_c2007
300 _a213 pages ;
_c19 cm
336 _2rdacontent
_atext
337 _2rdamedia
_aunmediated
338 _2rdacarrier
_avolume
650 1 0 _aMalay fiction.
942 _ddc
_cB
999 _c127178
_d127178